Countries of French Open Winners (Male) - Statistics

General Stats
  • This quiz has been taken 40 times
  • The average score is 14 of 19
Answer Stats
Number of Wins Answer % Correct
38 France
100%
19 Spain
100%
2 Switzerland
97%
11 United States
94%
3 Italy
92%
10 Sweden
92%
11 Australia
89%
3 Germany
86%
1 Serbia
83%
1 Russia
81%
3 Brazil
78%
2 Argentina
75%
1 Austria
64%
2 Great Britain
64%
5 Czechoslovakia
61%
1 Hungary
42%
1 Romania
42%
1 Ecuador
14%
2 Egypt
11%
No matching quizzes found
Score Distribution
Percent of People with Each Score
Percentile by Number Answered
Your Score History
You have not taken this quiz